000 01084cab a22002055a 4500
001 L140967
008 071023e20071020xxk f 000 0 eng d
035 _a(Sirsi) u140967
041 0 _aeng
100 1 _aWinstanley, Paul
245 0 0 _aInclined to grow?
260 _c2007
490 0 _aEstates Gazette
_v(0742) 20 October 2007, 290-291(2)
520 _aConsiders how Financial Services Authority (FSA) regulation of Home Reversion Plans (HRPs) will affect investors, consumers and the home reversion investment market. Explains what HRPs are, why regulation of HRPs was needed, and what the new rules will mean for investors and consumers. Notes that FSA regulation will offer key benefits to consumers, including protection comparable with similar products such as lifetime mortgages. This may in turn make HRPs more popular and possibly competitive with other forms of equity release.
590 _aKA
650 2 4 _aHOME REVERSION PLANS
651 4 _aUnited Kingdom
_y
690 _aPROPERTY-RESIDENTIAL PROPERTY-RESIDENTIAL PROPERTY FINANCE AND INVESTMENT
942 _n0
999 _c79400
_d79400